[Event "London Classic Open 2015"]
[Site "London ENG"]
[Date "2015.12.10"]
[Round "8.82"]
[White "Phillips, William"]
[Black "Myall, Ivan J"]
[Result "0-1"]
[WhiteElo "1901"]
[BlackElo "2048"]
[WhiteFideId "414344"]
[BlackFideId "425168"]
[EventDate "2015.12.04"]

1. e4 d5 2. exd5 Nf6 3. d4 Bg4 4. Bb5+ Nbd7 5. f3 Bf5 6. g4 Bg6 7. c4 a6 8.
Bxd7+ Nxd7 9. Ne2 e5 10. dxe6 Qh4+ 11. Ng3 fxe6 12. Qe2 O-O-O 13. Be3 e5 14. d5
Nc5 15. O-O Bd3 16. Qd2 Bxf1 17. Bg5 Qh3 18. Bxd8 Kxd8 19. Nxf1 Qxf3 20. Qg2 Qf4
21. Nbd2 e4 22. Qg3 Qf6 23. Re1 Bd6 24. Qf2 Qxf2+ 25. Kxf2 Nd3+ 26. Ke2 Nxe1 27.
Kxe1 Bf4 28. Ke2 Re8 29. h3 Kd7 30. Nb3 b6 31. Nd4 g6 32. b3 Kd6 33. Ne3 b5 34.
c5+ Kxc5 35. Ne6+ Rxe6 36. dxe6 Bg5 37. Ng2 Kd6 38. h4 Bc1 39. h5 g5 40. e7 Kxe7
41. Ne3 Bxe3 42. Kxe3 Ke6 43. Kxe4 c5 44. a3 h6 45. a4 c4 46. axb5 cxb3 0-1

[Event "London Classic Open 2015"]
[Site "London ENG"]
[Date "2015.12.10"]
[Round "8.83"]
[White "Brozel, Sacha"]
[Black "Burke, John S"]
[Result "0-1"]
[WhiteElo "1801"]
[BlackElo "2049"]
[WhiteFideId "429317"]
[BlackFideId "404322"]
[EventDate "2015.12.04"]

1. c4 e5 2. g3 Nf6 3. Bg2 d5 4. cxd5 Nxd5 5. Nc3 Nb6 6. Nf3 Nc6 7. O-O Be7 8. a3
O-O 9. b4 a6 10. d3 Be6 11. Bb2 f5 12. Rc1 Bf6 13. Nd2 Bg5 14. Rb1 Bxd2 15. Qxd2
Nc4 16. Qc1 Nxb2 17. Qxb2 Rb8 18. Rfc1 Kh8 19. Na4 Bd5 20. Bxd5 Qxd5 21. Nc5 Nd4
22. Nb3 Ne6 23. Qc2 f4 24. Qc4 Qd6 25. Nc5 Nd4 26. Rb2 f3 27. exf3 Nxf3+ 28. Kg2
Qc6 29. Qe4 Qh6 30. Rh1 Ng5 31. Qg4 Rbd8 32. Ne4 Nf3 33. Rc2 c6 34. Nc5 Nd4 35.
Ra2 Qd6 36. Qe4 Rf7 37. Re1 Re8 38. f4 Rfe7 39. f5 Nxf5 40. Rf2 Nd4 41. Ref1 Kg8
42. Qh4 h6 43. Kg1 Qg6 44. Ne4 Nb5 45. g4 Nd6 46. Nf6+ gxf6 47. Rxf6 Qxd3 48.
Qxh6 Rg7 49. Qh5 Qd4+ 50. Kh1 Qe4+ 51. R1f3 Rd8 52. h3 Nc4 53. Kh2 Rd2+ 54. Kg3
Qe1+ 55. Rf2 Rd8 56. Qf5 Qg1+ 57. Kh4 Rh7+ 58. Kg5 Qc1+ 0-1

[Event "London Classic Open 2015"]
[Site "London ENG"]
[Date "2015.12.10"]
[Round "8.84"]
[White "Lochte, Szilvia"]
[Black "Barton, R Alan"]
[Result "1/2-1/2"]
[WhiteElo "1914"]
[BlackElo "2012"]
[WhiteFideId "708410"]
[BlackFideId "404233"]
[EventDate "2015.12.04"]

1. d4 d6 2. e4 g6 3. Be2 Bg7 4. Nc3 a6 5. Be3 b5 6. Bf3 Bb7 7. a3 Nd7 8. Qd2 h6
9. Nge2 e6 10. h4 Ne7 11. Rh3 Nc8 12. Rd1 Ncb6 13. b3 Qe7 14. d5 e5 15. h5 g5
16. Ng3 Bf6 17. Nf5 Qf8 18. Na2 Nc8 19. Qc3 Bd8 20. Nb4 Ne7 21. Bg4 Nf6 22. Nxe7
Nxg4 23. Nec6 Rc8 24. Na5 Ba8 25. Nxa6 Nf6 26. Qd3 Qe7 27. Qxb5+ Kf8 28. Qd3 c5
29. Nc6 Bxc6 30. dxc6 Rxc6 31. Qb5 Rb6 32. Qd3 Kg7 33. b4 Qb7 34. b5 Rxb5 35.
Qxd6 Ba5+ 36. Ke2 Rb6 37. Nxc5 Qc8 38. Qxe5 Re8 39. Qd4 Kg8 40. e5 Ng4 41. e6
Rbxe6 42. Nxe6 Qxe6 43. Qd5 Qa6+ 44. Qd3 Qc6 45. Kf1 Bc7 46. Kg1 Qf6 47. Bd4 Qf4
48. Qf3 Qxd4 1/2-1/2

[Event "London Classic Open 2015"]
[Site "London ENG"]
[Date "2015.12.10"]
[Round "8.85"]
[White "Jacob, Sydney J"]
[Black "Cannon, Raymond C"]
[Result "1/2-1/2"]
[WhiteElo "1884"]
[BlackElo "1985"]
[WhiteFideId "419338"]
[BlackFideId "408018"]
[EventDate "2015.12.04"]

1. c4 e5 2. g3 Nf6 3. Bg2 d5 4. cxd5 Nxd5 5. Nc3 Nb6 6. Nf3 Nc6 7. O-O Be7 8. d3
O-O 9. Be3 Bg4 10. Rc1 Qd7 11. Ne4 Nd5 12. Bc5 Bh3 13. Bxe7 Ndxe7 14. Nc5 1/2-1/2

[Event "London Classic Open 2015"]
[Site "London ENG"]
[Date "2015.12.10"]
[Round "8.86"]
[White "Roque Sola, Gisela"]
[Black "Ditmas, Hugh"]
[Result "1-0"]
[WhiteTitle "WFM"]
[WhiteElo "1983"]
[BlackElo "1941"]
[WhiteFideId "5120241"]
[BlackFideId "1270666"]
[EventDate "2015.12.04"]

1. c4 Nf6 2. Nf3 e6 3. g3 d5 4. d4 Be7 5. Bg2 O-O 6. O-O dxc4 7. Ne5 Nc6 8. Nxc6
bxc6 9. e3 Rb8 10. Qa4 Rb6 11. Rd1 Ba6 12. Bxc6 Qd6 13. Bg2 Qb4 14. Qc2 Rd8 15.
Nd2 c5 16. a3 Qb5 17. a4 Qb4 18. a5 Rbb8 19. Ra4 Qb5 20. Nxc4 cxd4 21. Rxd4 Rdc8
22. Qd1 Qb3 23. Qxb3 Rxb3 24. Bf1 Bb5 25. Ra1 Bc5 26. Rd1 Ne4 27. Ne5 Bxf1 28.
Kxf1 f6 29. Nd3 Be7 30. f3 Ng5 31. f4 Ne4 32. Ne1 Rd8 33. Rxd8+ Bxd8 34. Nc2 e5
35. Ke2 a6 36. Ra4 Nd6 37. Na3 Kf7 38. Kd2 Ke6 39. Kc2 Rb7 40. b3 exf4 41. gxf4
f5 42. Bd2 Ne4 43. Be1 Be7 44. Nc4 g5 45. b4 g4 46. Kb3 Nc5+ 47. Ka3 Nxa4 48.
Kxa4 Kd5 49. Nb6+ Kc6 50. Kb3 Kb5 51. Nd5 Rd7 52. Nc3+ Kc6 53. Kc4 Rb7 54. Ne2
Bf6 55. Bc3 Bxc3 56. Nxc3 Re7 57. Kd4 h5 58. e4 fxe4 59. Nxe4 h4 60. f5 Kb5 61.
Nc3+ Kc6 62. Ne4 Kd7 63. Nf6+ Kc6 64. Nxg4 Kb5 65. Ne5 Rc7 1-0

[Event "London Classic Open 2015"]
[Site "London ENG"]
[Date "2015.12.10"]
[Round "8.87"]
[White "Giakoustidis, Spiros-Avgerinos"]
[Black "Vachtfeidl, Petr"]
[Result "1/2-1/2"]
[WhiteElo "1824"]
[BlackElo "1983"]
[WhiteFideId "4208668"]
[BlackFideId "315028"]
[EventDate "2015.12.04"]

1. d4 Nf6 2. c4 g6 3. Nc3 d5 4. cxd5 Nxd5 5. e4 Nxc3 6. bxc3 Bg7 7. Bc4 c5 8.
Ne2 O-O 9. Be3 Nc6 10. Rc1 cxd4 11. cxd4 Qa5+ 12. Qd2 Qxd2+ 13. Kxd2 Rd8 14. d5
Na5 15. Bd3 e6 16. Rhd1 exd5 17. exd5 Rxd5 18. Ke1 Nc6 19. Be4 Rxd1+ 20. Rxd1
Be6 21. Rb1 Bxa2 22. Rxb7 Ne5 23. Rxa7 1/2-1/2

[Event "London Classic Open 2015"]
[Site "London ENG"]
[Date "2015.12.10"]
[Round "8.88"]
[White "McKerracher, Douglas"]
[Black "Ettu, Kore"]
[Result "0-1"]
[WhiteElo "1972"]
[BlackElo "1816"]
[WhiteFideId "2401002"]
[BlackFideId "439932"]
[EventDate "2015.12.04"]

1. e4 e5 2. Nf3 Nc6 3. Bb5 Nf6 4. O-O d6 5. Re1 Be7 6. d4 exd4 7. Nxd4 Bd7 8.
Nf5 Bxf5 9. exf5 O-O 10. Nc3 a6 11. Bxc6 bxc6 12. Qf3 d5 13. Bg5 Re8 14. Rad1
Rb8 15. b3 h6 16. Bh4 Rb4 17. Bg3 Bd6 18. Qd3 Qc8 19. a3 Rxe1+ 20. Rxe1 Rb8 21.
Bxd6 cxd6 22. h3 Kf8 23. g4 Qb7 24. Qg3 Qc7 25. h4 Re8 26. Rxe8+ Nxe8 27. g5
hxg5 28. hxg5 Qe7 29. Kf1 Qe5 30. Qf3 Nc7 31. a4 Ne8 32. Qh3 Qf4 33. g6 Qc1+ 34.
Kg2 Qg5+ 35. Qg3 Qxf5 36. gxf7 Kxf7 37. Ne2 Qe4+ 38. Kf1 Qh1+ 39. Ng1 Qe4 40.
Nf3 Qxc2 41. Ng5+ Kg8 42. Qe3 Qd1+ 43. Kg2 Qg4+ 44. Kf1 Nf6 45. f3 Qf5 46. Kg2
c5 47. f4 Ne4 48. Kf1 Nxg5 0-1

[Event "London Classic Open 2015"]
[Site "London ENG"]
[Date "2015.12.10"]
[Round "8.89"]
[White "Mulay, Partha"]
[Black "Prior, Stephen C V"]
[Result "1/2-1/2"]
[WhiteElo "1780"]
[BlackElo "1959"]
[WhiteFideId "436038"]
[BlackFideId "423378"]
[EventDate "2015.12.04"]

1. e4 e5 2. Bc4 Nf6 3. d3 Nc6 4. Nc3 Na5 5. Bb3 Nxb3 6. axb3 Bb4 7. Bd2 O-O 8.
Nf3 d5 9. Nxd5 Bxd2+ 10. Qxd2 Nxd5 11. exd5 Qxd5 12. O-O Bg4 13. Ng5 f5 14. f3
Bh5 15. Qc3 h6 16. Nh3 c6 17. Ra5 b5 18. Rfa1 Rf6 19. d4 exd4 20. Qd3 g5 21.
Rxa7 Rxa7 22. Rxa7 Re6 23. Qd2 Re3 24. Nf2 c5 25. c3 Qe6 26. Nd3 Qd5 27. Nf2 c4
28. bxc4 bxc4 29. Ra1 Qe6 30. cxd4 Re2 31. Qc3 Re3 32. Qd2 Re2 33. Qc3 Re3 1/2-1/2

[Event "London Classic Open 2015"]
[Site "London ENG"]
[Date "2015.12.10"]
[Round "8.90"]
[White "Chen, Meng Boon Marcus"]
[Black "Harstad, Christian"]
[Result "1/2-1/2"]
[WhiteElo "1715"]
[BlackElo "1954"]
[WhiteFideId "5812470"]
[BlackFideId "1504045"]
[EventDate "2015.12.04"]

1. c4 e5 2. Nc3 Nc6 3. g3 Nf6 4. Bg2 Bb4 5. Nd5 Bc5 6. e3 O-O 7. Ne2 Nxd5 8.
cxd5 Ne7 9. O-O Nf5 10. Rb1 d6 11. b4 Bb6 12. Bb2 Qe7 13. d4 f6 14. a4 a5 15. b5
g6 16. Qd2 Rf7 17. Kh1 h5 18. e4 Ng7 19. f4 Bg4 20. fxe5 fxe5 21. Rxf7 Kxf7 22.
Rf1+ Kg8 23. dxe5 dxe5 24. h3 Bxe2 25. Qxe2 Rf8 26. Rxf8+ Kxf8 27. Qf1+ Kg8 28.
Qa1 Qc5 29. Bxe5 Ne8 30. h4 g5 31. hxg5 h4 1/2-1/2

[Event "London Classic Open 2015"]
[Site "London ENG"]
[Date "2015.12.10"]
[Round "8.91"]
[White "Burbidge, Duncan R"]
[Black "Chen, Yi Jing Alvin"]
[Result "1-0"]
[WhiteElo "1943"]
[BlackElo "1621"]
[WhiteFideId "412198"]
[BlackFideId "5804051"]
[EventDate "2015.12.04"]

1. e4 c6 2. d4 d5 3. exd5 Qxd5 4. Nc3 Qa5 5. Bc4 Nf6 6. h3 Bf5 7. Nf3 e6 8. O-O
Be7 9. Bf4 O-O 10. Ne2 Nbd7 11. Ng3 Bg6 12. c3 Nh5 13. b4 Qd8 14. Ne2 Nxf4 15.
Nxf4 Qc7 16. Nxg6 hxg6 17. Re1 Nb6 18. Bb3 Nd5 19. Qd2 Bd6 20. Ne5 Rad8 21. Rad1
Bxe5 22. Rxe5 b5 23. h4 Rfe8 24. Rde1 Qe7 25. g3 Qf6 26. Kg2 Kf8 27. Qd3 a6 28.
a3 Rb8 29. c4 Nc7 30. R1e3 Qd8 31. Rf3 Kg8 32. h5 g5 33. Bc2 f5 34. Rexf5 exf5
35. Qxf5 Qf6 36. Qh7+ Kf7 37. Bg6+ Ke7 38. Rxf6 Kxf6 39. Bxe8 Nxe8 40. Qg6+ Ke7
41. Qxg5+ Kd7 42. Qe5 Rc8 43. c5 Rd8 44. d5 cxd5 45. Qxd5+ Kc7 46. Qe6 Nf6 47.
h6 Re8 48. Qxe8 Nxe8 49. h7 Kb7 50. h8=Q Nc7 51. Qxg7 Kc6 52. Qd4 Kb7 53. g4 Kc6
54. g5 Kb7 55. g6 Kc6 56. g7 Kb7 57. g8=Q a5 58. Qe4+ Ka6 59. Qc6+ 1-0

[Event "London Classic Open 2015"]
[Site "London ENG"]
[Date "2015.12.10"]
[Round "8.92"]
[White "Knudsen, Andre"]
[Black "Rogers, Tim L"]
[Result "1/2-1/2"]
[WhiteElo "1756"]
[BlackElo "2075"]
[WhiteFideId "1723650"]
[BlackFideId "418137"]
[EventDate "2015.12.04"]

1. d4 d5 2. c4 e6 3. Nc3 Be7 4. Nf3 Nf6 5. g3 O-O 6. Bg2 dxc4 7. O-O Nbd7 8. e4
c6 9. a4 a5 10. Qe2 Nb6 11. Rd1 Bd7 12. Ne5 Qc8 13. Nxc4 Nxc4 14. Qxc4 Rd8 15.
Qe2 Be8 16. Bf4 Bb4 17. Bg5 h6 18. Bxf6 gxf6 19. Qh5 Bf8 20. d5 Qc7 21. Qg4+ Bg7
22. dxe6 fxe6 23. Qxe6+ Bf7 24. Qg4 Bb3 25. Rxd8+ Rxd8 26. Qe2 Qd6 27. Re1 Qd2
28. Bf3 Qxe2 29. Rxe2 Rd4 30. Bg4 Bxa4 31. Nxa4 Rxa4 32. Be6+ Kf8 33. b3 Rd4 34.
f4 Ke7 35. f5 Kd6 36. Kf2 Ke5 37. Bc8 b6 38. Bb7 Rxe4 39. Rxe4+ Kxe4 40. Bxc6+
Kxf5 41. Kf3 Bf8 42. Bd7+ Ke5 43. Kg4 Kd6 44. Be8 Ke5 45. h4 f5+ 46. Kf3 Ke6 47.
g4 fxg4+ 48. Kxg4 Kd5 49. Kf5 Kc5 50. Ke4 Kb4 51. Bf7 h5 52. Kd3 Be7 53. Kc2
Bxh4 54. Bxh5 Bf6 55. Be8 b5 56. Bd7 a4 57. bxa4 bxa4 58. Bxa4 1/2-1/2

[Event "London Classic Open 2015"]
[Site "London ENG"]
[Date "2015.12.10"]
[Round "8.93"]
[White "Charisiadis, Archimidis"]
[Black "Edwards, Simon R"]
[Result "0-1"]
[WhiteElo "1740"]
[BlackElo "1945"]
[WhiteFideId "4240081"]
[BlackFideId "406821"]
[EventDate "2015.12.04"]

1. d4 Nf6 2. Nf3 c5 3. e3 cxd4 4. exd4 g6 5. b3 Bg7 6. Bb2 O-O 7. Nbd2 d5 8. Bd3
Nc6 9. O-O Nb4 10. Ne5 Nxd3 11. Nxd3 Bg4 12. Nf3 Rc8 13. Nde5 Bf5 14. c4 dxc4
15. bxc4 Ng4 16. Nxg4 Bxg4 17. Qb3 Bxf3 18. Qxf3 Qb6 19. Qb3 Bxd4 20. Bxd4 Qxd4
21. Qxb7 Rxc4 22. Rad1 Qc5 23. Rd7 Ra4 24. Rxe7 Rxa2 25. Qf3 Qxe7 0-1

[Event "London Classic Open 2015"]
[Site "London ENG"]
[Date "2015.12.10"]
[Round "8.94"]
[White "Barasi, Paul Dl"]
[Black "Stokes, Paul C"]
[Result "1-0"]
[WhiteElo "1736"]
[BlackElo "1884"]
[WhiteFideId "432830"]
[BlackFideId "419010"]
[EventDate "2015.12.04"]

1. d4 Nf6 2. Bg5 c5 3. d5 Ne4 4. h4 Qb6 5. Nd2 Nxg5 6. hxg5 g6 7. e4 d6 8. Nc4
Qc7 9. a4 Nd7 10. Qd2 Bg7 11. c3 Ne5 12. Ne3 h5 13. f4 Ng4 14. Bb5+ Bd7 15. Nxg4
hxg4 16. Rxh8+ Bxh8 17. Ne2 O-O-O 18. Ng3 Bg7 19. Bxd7+ Qxd7 20. Qe2 Rh8 21. Kf2
Rh4 22. Qb5 Qc7 23. Qe8+ Qd8 24. Qxf7 Qb6 25. Qe8+ Kc7 26. Qxe7+ Kc8 27. Qe8+
Kc7 28. Qb5 1-0

[Event "London Classic Open 2015"]
[Site "London ENG"]
[Date "2015.12.10"]
[Round "8.95"]
[White "Dukaczewski, Piotr"]
[Black "Haribalu, V."]
[Result "1/2-1/2"]
[WhiteTitle "IM"]
[WhiteElo "2280"]
[BlackElo "2174"]
[WhiteFideId "1103520"]
[BlackFideId "5015189"]
[EventDate "2015.12.04"]

1. Nf3 d5 2. c4 c6 3. e3 Nf6 4. Qc2 g6 5. b3 Bg7 6. Bb2 Bg4 7. Be2 Nbd7 8. h3
Bxf3 9. Bxf3 O-O 10. d4 Rc8 11. Nd2 Re8 12. O-O e5 13. dxe5 Nxe5 14. Be2 Qe7 15.
Rad1 Rcd8 16. cxd5 cxd5 17. Bd4 Rc8 18. Qb2 Nc6 19. Bb5 Nxd4 20. Qxd4 Red8 21.
Qxa7 Ra8 22. Qb6 Rxa2 23. Nc4 Rb8 24. Na5 Bf8 25. Ra1 Rb2 26. Bc6 Qb4 27. Qa7
bxc6 28. Nxc6 Rb7 29. Nxb4 Rxa7 30. Rxa7 Bxb4 31. Rb7 Rxb3 32. g3 Rb2 33. Rc1
Ba3 34. Ra7 Bd6 35. Rc6 Ne4 36. f3 Rb1+ 37. Kg2 Rb2+ 38. Kg1 Rb1+ 39. Kg2 Rb2+
40. Kg1 Bc5 41. Ra8+ Kg7 42. fxe4 Bxe3+ 43. Kf1 dxe4 44. Rc4 Rf2+ 45. Ke1 Rh2
46. Rxe4 Bf2+ 47. Kf1 Bxg3 48. Re3 Bf4 49. Rf3 g5 50. Kg1 Rd2 51. Ra7 Kg6 52. h4
h6 53. hxg5 hxg5 54. Ra6+ f6 55. Kf1 Rd4 56. Kg2 g4 57. Rf2 Be5 58. Ra8 g3 59.
Rg8+ Kf7 60. Rxg3 Bxg3 61. Kxg3 Re4 62. Kf3 Re1 63. Ra2 Ke6 64. Ra5 Re5 65.
Rxe5+ Kxe5 66. Ke3 Kf5 67. Kf3 Kg5 68. Kg3 f5 69. Kf3 f4 70. Kf2 Kg4 71. Kg2 f3+
72. Kf2 Kf4 73. Kf1 Ke3 74. Ke1 f2+ 75. Kf1 Kf3 1/2-1/2

[Event "London Classic Open 2015"]
[Site "London ENG"]
[Date "2015.12.10"]
[Round "8.96"]
[White "Simpson, Ben"]
[Black "Chilton, James I"]
[Result "1-0"]
[WhiteElo "1865"]
[BlackElo "1742"]
[WhiteFideId "444405"]
[BlackFideId "423009"]
[EventDate "2015.12.04"]

1. d4 Nf6 2. c4 e6 3. Nf3 d5 4. Nc3 c6 5. Bf4 Bd6 6. Bxd6 Qxd6 7. e3 O-O 8. Bd3
dxc4 9. Bxc4 b5 10. Bd3 b4 11. Na4 Nbd7 12. O-O a5 13. e4 e5 14. Re1 Re8 15.
dxe5 Nxe5 16. Nxe5 Qxe5 17. Nb6 Bg4 18. Qc2 Rad8 19. Nc4 Qd4 20. Re3 Bf5 21.
exf5 Rxe3 22. Nxe3 Qxd3 23. Rd1 Qxd1+ 24. Nxd1 Ne4 25. Kf1 Kf8 26. Ne3 b3 27.
Qxe4 1-0

[Event "London Classic Open 2015"]
[Site "London ENG"]
[Date "2015.12.10"]
[Round "8.97"]
[White "Modica, Jake"]
[Black "Rovai, Andrea"]
[Result "1-0"]
[WhiteElo "1736"]
[BlackElo "1839"]
[WhiteFideId "442160"]
[BlackFideId "2833072"]
[EventDate "2015.12.04"]

1. c4 e5 2. g3 Nc6 3. Bg2 g6 4. Nc3 Bg7 5. d3 d6 6. e4 Nf6 7. Nge2 Be6 8. Nd5 h6
9. O-O O-O 10. h3 Kh7 11. Be3 Qd7 12. Kh2 Ne8 13. Rb1 f5 14. exf5 Bxf5 15. g4
Be6 16. d4 exd4 17. Nxd4 Nxd4 18. Bxd4 c6 19. Bxg7 Qxg7 20. Ne3 Qe5+ 21. Kg1 Rf4
22. b3 Qf6 23. Qd2 Rd8 24. Rbd1 Rd7 25. Rfe1 Rf7 26. Nf5 g5 27. Be4 Kh8 28. f3
Bxf5 29. Bxf5 Ng7 30. Be4 Rd7 31. Qe3 a6 32. Qa7 Qf8 33. Bxc6 bxc6 34. Qxd7 Rxf3
35. Qxd6 Qf7 36. Qxh6+ Kg8 37. Rd8+ 1-0

[Event "London Classic Open 2015"]
[Site "London ENG"]
[Date "2015.12.10"]
[Round "8.98"]
[White "Thatte, Nishchal"]
[Black "Bin-Suhayl, Ieysaa"]
[Result "0-1"]
[WhiteElo "1203"]
[BlackElo "1828"]
[WhiteFideId "447234"]
[BlackFideId "429031"]
[EventDate "2015.12.04"]

1. e4 e6 2. d4 d5 3. Nc3 Nf6 4. e5 Nfd7 5. Nf3 c5 6. Be3 Nc6 7. Bb5 Qb6 8. Bxc6
bxc6 9. b3 cxd4 10. Nxd4 c5 11. O-O cxd4 12. Bxd4 Qc7 13. Re1 Bc5 14. Bxc5 Qxc5
15. Ne2 O-O 16. Nf4 Qc3 17. Nd3 Ba6 18. f4 Rac8 19. Rc1 Qd4+ 20. Kh1 Nc5 21.
Nxc5 Qxd1 22. Rexd1 Rxc5 23. Rd2 Rfc8 24. c4 dxc4 25. Re1 h6 26. bxc4 Rxc4 27.
h3 Rxf4 28. Rd7 Ra4 29. Rxa7 Rxa2 30. g3 Rcc2 31. h4 Rh2+ 32. Kg1 Rag2# 0-1

[Event "London Classic Open 2015"]
[Site "London ENG"]
[Date "2015.12.10"]
[Round "8.99"]
[White "Reutimann, Hans Peter"]
[Black "Fontaine, Olivier"]
[Result "1/2-1/2"]
[WhiteElo "1717"]
[BlackElo "1826"]
[WhiteFideId "1313886"]
[BlackFideId "666548"]
[EventDate "2015.12.04"]

1. d4 d5 2. Nf3 Nf6 3. Bf4 c5 4. e3 Qb6 5. Nc3 a6 6. Rb1 Bf5 7. Be2 h6 8. O-O
Nc6 9. Na4 Qa5 10. Nxc5 b6 11. Nb3 Qxa2 12. Bd3 Bxd3 13. Qxd3 Qa4 14. Ra1 Qc4
15. Qd1 e6 16. Bc7 Nxd4 17. Bxb6 Nxb3 18. cxb3 Qb5 19. Ba5 Bb4 20. Nd4 Qb7 21.
Qd3 O-O 22. Bxb4 Qxb4 23. Rxa6 Rxa6 24. Qxa6 e5 25. Nc6 Qxb3 26. Qa3 Qxa3 27.
bxa3 Ra8 28. Nxe5 1/2-1/2

[Event "London Classic Open 2015"]
[Site "London ENG"]
[Date "2015.12.10"]
[Round "8.101"]
[White "Shah, Dipak K"]
[Black "De Lagontrie, Jean"]
[Result "0-1"]
[WhiteElo "1837"]
[BlackElo "1776"]
[WhiteFideId "425842"]
[BlackFideId "605271"]
[EventDate "2015.12.04"]

1. e4 c5 2. Nf3 Nc6 3. Bc4 e6 4. d4 cxd4 5. Nxd4 Nge7 6. O-O Nxd4 7. Qxd4 Nc6 8.
Qc3 Qf6 9. Qxf6 gxf6 10. Nc3 a6 11. a3 b5 12. Bd3 Bb7 13. Be3 Ne5 14. b4 Rc8 15.
Ne2 Be7 16. Bh6 Rg8 17. Ng3 d6 18. Bd2 Kd7 19. a4 Nxd3 20. cxd3 Bc6 21. a5 Bb7
22. Ra2 Rc6 23. f4 Rgc8 24. Kf2 Rc2 25. Rfa1 d5 26. Ke3 dxe4 27. Nxe4 Bxe4 28.
dxe4 R2c4 29. Rb1 f5 30. exf5 exf5 31. Kf3 Bd6 32. Ra3 Rd4 33. Ke3 Rcc4 34. g3
Rxd2 35. Kxd2 Bxb4+ 36. Rxb4 Rxb4 37. Ra2 Kc6 38. Kc3 Kc5 39. Re2 Re4 0-1

[Event "London Classic Open 2015"]
[Site "London ENG"]
[Date "2015.12.10"]
[Round "8.102"]
[White "Turner, David J"]
[Black "Wright, Jonathan ENG"]
[Result "1-0"]
[WhiteElo "1811"]
[BlackElo "1923"]
[WhiteFideId "419737"]
[BlackFideId "418331"]
[EventDate "2015.12.04"]

1. e4 c5 2. Nf3 Nc6 3. d3 e6 4. g3 d5 5. Nbd2 Nf6 6. Bg2 d4 7. O-O e5 8. Qe2 Bg4
9. a3 Qd7 10. Rb1 a5 11. Re1 Bd6 12. Qf1 O-O 13. h3 Bxf3 14. Nxf3 Ne7 15. Qe2
Ra6 16. Bd2 Rc8 17. Rf1 Ng6 18. h4 b5 19. Nh2 c4 20. h5 Nf8 21. h6 g6 22. Bg5
Be7 23. Bxf6 Bxf6 24. f4 exf4 25. gxf4 cxd3 26. cxd3 Rc5 27. e5 Bh4 28. Be4 Qe6
29. b4 axb4 30. axb4 Rc3 31. Rb2 f5 32. exf6 Bxf6 33. f5 Qe5 34. Qg4 g5 35. Nf3
Qe7 36. Nxg5 Bxg5 37. f6 Qe5 38. Rf5 1-0

[Event "London Classic Open 2015"]
[Site "London ENG"]
[Date "2015.12.10"]
[Round "8.104"]
[White "Opasiak, Dustin Tennessee"]
[Black "Fernandez Aransay, Fernando"]
[Result "1-0"]
[WhiteElo "1782"]
[BlackElo "1826"]
[WhiteFideId "24630217"]
[BlackFideId "2216280"]
[EventDate "2015.12.04"]

1. e4 c5 2. Nf3 d6 3. d4 cxd4 4. Nxd4 Nf6 5. Nc3 g6 6. Be3 Bg7 7. f3 O-O 8. Qd2
Nc6 9. g4 Nxd4 10. Bxd4 Be6 11. g5 Nh5 12. Bxg7 Nxg7 13. O-O-O Rc8 14. Kb1 a6
15. a3 b5 16. Nd5 Re8 17. Be2 Rc5 18. h4 a5 19. Nf4 b4 20. Nxe6 Nxe6 21. axb4
axb4 22. Qxb4 Qc7 23. Qd2 Ra8 24. c3 Rca5 25. Kc2 Nc5 26. Rb1 Qb6 27. Bc4 e6 28.
b4 Ra2+ 29. Bxa2 Rxa2+ 30. Rb2 Qa6 31. bxc5 Rxb2+ 32. Kxb2 Qb5+ 33. Kc2 1-0

[Event "London Classic Open 2015"]
[Site "London ENG"]
[Date "2015.12.10"]
[Round "8.105"]
[White "White, David J"]
[Black "Verma, Aditya"]
[Result "1/2-1/2"]
[WhiteElo "1921"]
[BlackElo "1805"]
[WhiteFideId "402931"]
[BlackFideId "426202"]
[EventDate "2015.12.04"]

1. e4 c5 2. c3 d5 3. exd5 Qxd5 4. d4 Nc6 5. Nf3 Bf5 6. Be2 cxd4 7. cxd4 Bxb1 8.
Rxb1 e6 9. a3 Qd8 10. Be3 a6 11. O-O Nf6 12. Rc1 Be7 13. b4 O-O 14. Bc4 Qd6 15.
Qb3 b5 16. Bd3 e5 17. dxe5 Nxe5 18. Be2 Nfg4 19. Nxe5 Nxe5 20. Bc5 1/2-1/2

[Event "London Classic Open 2015"]
[Site "London ENG"]
[Date "2015.12.10"]
[Round "8.106"]
[White "Mohnblatt, Daniel"]
[Black "Haddock, Paul"]
[Result "1/2-1/2"]
[WhiteElo "1766"]
[BlackElo "1623"]
[WhiteFideId "648582"]
[BlackFideId "419150"]
[EventDate "2015.12.04"]

1. d4 Nf6 2. c4 g6 3. Nc3 Bg7 4. e4 d6 5. Bd3 O-O 6. Nge2 e5 7. d5 a5 8. O-O Na6
9. a3 Nc5 10. Bc2 Bd7 11. Rb1 a4 12. Be3 b6 13. f3 Qe8 14. Qe1 Nh5 15. g4 Nf4
16. Nxf4 exf4 17. Bxf4 Qe7 18. Qg3 Rae8 19. Rbe1 h6 20. Kh1 Kh7 21. Bd2 Nb3 22.
Bxb3 axb3 23. Qf4 Qh4 24. Qg3 Qxg3 25. hxg3 Be5 26. Kg2 f5 27. gxf5 gxf5 28. Rh1
Bg7 29. exf5 Bxf5 30. Ne4 Bxe4 31. Rxe4 Rxe4 32. fxe4 Re8 33. Kf3 Bxb2 34. Rb1
Bxa3 35. Rxb3 Rf8+ 36. Bf4 Bc5 37. Rb1 Kg6 38. Ra1 h5 39. Ra7 Rf7 40. Ra8 Bd4
41. Rg8+ Rg7 42. Rxg7+ Kxg7 43. g4 hxg4+ 44. Kxg4 Kf7 45. Kf5 Ke7 46. Kg6 Kd7
47. Kf7 Bh8 48. Bg5 Be5 49. Bh4 Bf4 50. Kf6 Be5+ 51. Kf5 Bh2 52. Bf6 Bg3 53. Bc3
Bh2 54. Be1 Be5 55. Bh4 Bh2 56. Bf6 Bg3 57. Kg4 Bh2 58. Bd4 Ke7 59. Kf3 Kd7 1/2-1/2

[Event "London Classic Open 2015"]
[Site "London ENG"]
[Date "2015.12.11"]
[Round "9.1"]
[White "Lenderman, Aleksandr"]
[Black "Bok, Benjamin"]
[Result "0-1"]
[WhiteTitle "GM"]
[BlackTitle "GM"]
[WhiteElo "2626"]
[BlackElo "2594"]
[WhiteFideId "2021285"]
[BlackFideId "1017063"]
[EventDate "2015.12.04"]

1. Nf3 Nf6 2. c4 c5 3. d4 cxd4 4. Nxd4 e6 5. Nc3 Bb4 6. g3 O-O 7. Bg2 d5 8. cxd5
Nxd5 9. Qb3 Qa5 10. Bd2 Nc6 11. Nxc6 bxc6 12. O-O Bxc3 13. bxc3 Ba6 14. Rfe1
Rab8 15. Qc2 Qc5 16. a3 Rfd8 17. Bf3 h6 18. h4 Rd7 19. Reb1 Rbd8 20. Rb2 Bc4 21.
a4 Qa5 22. Qc1 Qa6 23. Be1 Nf6 24. Qc2 c5 25. a5 e5 26. Bg2 Bd5 27. Bxd5 Rxd5
28. c4 Rd4 29. Rc1 Qe6 30. f3 e4 31. Rb3 Qh3 32. Bf2 Rd2 33. Rb8 Rxc2 34. Rxd8+
Kh7 35. Rxc2 e3 36. Bxe3 Qxg3+ 37. Kf1 Qh3+ 38. Ke1 Ne4 39. fxe4 Qxh4+ 40. Kf1
Qxd8 41. Rd2 Qxa5 42. Rd3 Qb4 0-1